| 000 | 00540nam a2200205Ia 4500 | ||
|---|---|---|---|
| 005 | 20230707100931.0 | ||
| 008 | 131103s9999 xx 000 0 und d | ||
| 020 | _a330021257 | ||
| 040 | _aLoreto College | ||
| 041 | _aEnglish | ||
| 082 |
_aF _bCAN |
||
| 100 | _aCanning,Victor | ||
| 245 |
_aDoubled in Diamonds _cVictor Canning |
||
| 250 | _aUnabridged | ||
| 260 |
_aLondon _bPan Books Ltd. by arrangement with William Heinemann Ltd. _c1966 |
||
| 300 | _a205 p. | ||
| 650 | _aFiction in English | ||
| 850 | _aLCLIB | ||
| 942 | _cBK | ||
| 999 |
_c16436 _d66915 |
||